Wilf the mighty worrier saves the world / (Record no. 1672)

MARC details
000 -LEADER
fixed length control field 01492nam a22003137a 4500
005 - DATE AND TIME OF LATEST TRANSACTION
control field 20230914104833.0
020 ## - INTERNATIONAL STANDARD BOOK NUMBER
International Standard Book Number 9781848668614
040 ## - CATALOGING SOURCE
Original cataloging agency DLC
Transcribing agency DLC
Description conventions rda
Language of cataloging eng
050 00 - LIBRARY OF CONGRESS CALL NUMBER
Classification number PZ7.1.P77
Item number Wil 2017
082 00 - DEWEY DECIMAL CLASSIFICATION NUMBER
Classification number [FIc]
Edition number 23
100 1# - MAIN ENTRY--PERSONAL NAME
Personal name Pritchett, Georgia
Relator term author.
245 10 - TITLE STATEMENT
Title Wilf the mighty worrier saves the world /
Statement of responsibility, etc. Georgia Pritchett
260 ## - PUBLICATION, DISTRIBUTION, ETC.
Place of publication, distribution, etc. London :
Name of publisher, distributor, etc. Quercus Publishing,
Date of publication, distribution, etc. 2015
300 ## - PHYSICAL DESCRIPTION
Extent 183 pages :
Other physical details illustrations ;
Dimensions 21 cm
490 0# - SERIES STATEMENT
Series statement Wilf the mighty worrier
Volume/sequential designation Book 1
505 ## - FORMATTED CONTENTS NOTE
Formatted contents note M
520 ## - SUMMARY, ETC.
Summary, etc. Things Wilf was worried about before: 1) Stuffed animals. 2) Peanut Butter. 3) Creepy crawlies that have waggly feeler things instead of eyes. Things Wilf is worried about now: 4) The most evil man in the world. 5) The most evil man in the world living next door. 6) Anyone called Alan. When Alan, a self-styled Evil Lunatic, moves in next door with his grumpy robot sidekick and his silent right-hand-dog, Kevin Phillips, Wilf knows he will have to find a way to overcome his fears. And soon he realises: only he can stop Alan's ridiculous yet still Quite Evil plan to destroy the world...
521 ## - TARGET AUDIENCE NOTE
Target audience note 710 <br/>
Source Lexile
521 ## - TARGET AUDIENCE NOTE
Target audience note M <br/>
Source Raz-Plus
650 #1 - SUBJECT ADDED ENTRY--TOPICAL TERM
Topical term or geographic name entry element Worry
Form subdivision Fiction.
650 #1 - SUBJECT ADDED ENTRY--TOPICAL TERM
Topical term or geographic name entry element Courage
Form subdivision Fiction.
650 #1 - SUBJECT ADDED ENTRY--TOPICAL TERM
Topical term or geographic name entry element Jungle animals
Form subdivision Fiction.
650 #1 - SUBJECT ADDED ENTRY--TOPICAL TERM
Topical term or geographic name entry element Jungles
Form subdivision Fiction.
650 #1 - SUBJECT ADDED ENTRY--TOPICAL TERM
Topical term or geographic name entry element Humorous stories.
700 1# - ADDED ENTRY--PERSONAL NAME
Personal name Littler, Jamie
Relator term illustrator.
906 ## - LOCAL DATA ELEMENT F, LDF (RLIN)
a 7
b cbc
c origres
d 2
e ncip
f 20
g y-gencatlg
942 ## - ADDED ENTRY ELEMENTS (KOHA)
Source of classification or shelving scheme Dewey Decimal Classification
Koha item type Books
Suppress in OPAC No
999 ## -
-- 1672
-- 1672
Holdings
Withdrawn status Lost status Source of classification or shelving scheme Damaged status Not for loan Collection Home library Current library Shelving location Date acquired Total Checkouts Full call number Barcode Date last seen Date last checked out Price effective from Koha item type
    Dewey Decimal Classification     Juvenile Fiction Footprints International School Library Network Toul Kork Campus Footprints International School Library Network Toul Kork Campus TK Primary Library Room(4th Floor), Bookcase 5&6, Shelves 33-56, Orange Books 09/14/2023 3 PRI 823.92 PZ7.1.P77 FISTK05211 12/09/2025 08/29/2025 09/14/2023 Books